000 00584cab a2200217 4500
001 WB2643-37
008 090401t1990 xxu||||| |||| 00| 0 eng d
035 _a(Sirsi) u9368
041 _aeng
245 _aBattle to stop new town
260 _c1990
350 _a0
490 _aSunday Times
_v28/10/90 p5
520 _aLooks at campaign to stop the building of the proposed new town at Micheldever in Hampshire .
650 _aCONSERVATION
650 _aEAGLE STAR
650 _aPLANNING POLICY
690 _aPLANNING LAW AND PRACTICE
942 _n0
948 _c04/03/1997
999 _c5840
_d5840